000 00422nam a22001697a 4500
003 NUST - PNEC
005 20170116180909.0
008 150902b xxu||||| |||| 00| 0 eng d
020 _a0023546611
040 _cLIBRARY
082 _a620.1 HIB
100 _96887
_aHibbeler, R. C.
245 _aEngineering mechanics: dynamics
_cR. C. Hibbeler
250 _a5th ed.
650 _96894
_aDynamics
_xME
942 _2ddc
_cBK
999 _c65196
_d65196